000 00977nam a2200217Ia 4500
003 Ost
005 20260507075804.0
008 260507s9999||||xx |||||||||||||| ||und||
040 _cfsecg
041 _aara
082 _a657
100 _aإبراهيم، طه الطاهر
_eمؤلف
245 0 _aتصميم النظم المحاسبية (ك8) /
_c طه الطاهر إبراهيم
260 _aالقاهرة:
_bمطبعة مركز التعليم المفتوح,
_c(د.ت)
300 _a375 صفحة؛
_bإيضاحات ؛
_c24 سم
520 _aتعريف النظام، تعريف النظام المحاسبي، اختصاصات المحاسبة المالية، أهداف النظام المحاسبي، إجراءات الرقابة الداخلية للنظام المحاسبي
653 _aالمحاسبة المالية
653 _aالنظام المحاسبي
700 _aحامد، مصطفى صادق
_eمؤلف ثانوي
942 _cكتاب
999 _c46365
_d46365